Living sociology / (Record no. 6353)
[ view plain ]
| 000 -LEADER | |
|---|---|
| fixed length control field | 00607cam a22001814a 4500 |
| 005 - DATE AND TIME OF LATEST TRANSACTION | |
| control field | 20250901165606.0 |
| 008 - FIXED-LENGTH DATA ELEMENTS--GENERAL INFORMATION | |
| fixed length control field | 990818s2000 maua b 001 0 eng |
| 010 ## - LIBRARY OF CONGRESS CONTROL NUMBER | |
| LC control number | 99045958 |
| 020 ## - INTERNATIONAL STANDARD BOOK NUMBER | |
| Canceled/invalid ISBN | 0205309100 |
| 050 00 - LIBRARY OF CONGRESS CALL NUMBER | |
| Classification number | HM571 .R46 2000 |
| Item number | .R46 2000 |
| 082 00 - DEWEY DECIMAL CLASSIFICATION NUMBER | |
| Classification number | 301/.071 |
| Edition information | 21 |
| 100 1# - MAIN ENTRY--PERSONAL NAME | |
| Personal name | Renzetti, Claire M. |
| 245 10 - TITLE STATEMENT | |
| Title | Living sociology / |
| Statement of responsibility, etc. | Claire M. Renzetti, Daniel J. Curran. |
| 250 ## - EDITION STATEMENT | |
| Edition statement | 2nd ed. |
| 260 ## - PUBLICATION, DISTRIBUTION, ETC. | |
| Place of publication, distribution, etc. | Boston, Mass. : |
| Name of publisher, distributor, etc. | Allyn and Bacon, |
| Date of publication, distribution, etc. | c2000. |
| 300 ## - PHYSICAL DESCRIPTION | |
| Extent | xxiv, 645 p. : |
| Other physical details | col. ill. ; |
| Dimensions | 29 cm. |
| Accompanying material | +1 computer laser optical disc (4 3/4 in.) |
| 942 ## - ADDED ENTRY ELEMENTS (KOHA) | |
| Source of classification or shelving scheme | Library of Congress Classification |
| Classification part | HM571 .R46 2000 |
| Withdrawn status | Lost status | Source of classification or shelving scheme | Damaged status | Not for loan | Home library | Current library | Shelving location | Date acquired | Total checkouts | Full call number | Barcode | Date last seen | Price effective from | Koha item type |
|---|---|---|---|---|---|---|---|---|---|---|---|---|---|---|
| Library of Congress Classification | Main Library | Main Library | 12/15/2023 | HM571 .R46 2000 | PIU0003628 | 12/15/2023 | 12/15/2023 | Books |